Brown sugar

Tallennettuna:
Bibliografiset tiedot
Päätekijä: Veneziani, Antonio
Muut tekijät: Lucciola, Simone
Aineistotyyppi: Kirja
Kieli:englanti
Julkaistu: Aprilia Edizioni latitudine 42 2025
Tagit: Lisää tagi
Ei tageja, Lisää ensimmäinen tagi!

MARC

LEADER 00000nam a2200000 4500
003 Arcigay Viterbo
005 20260115153251.0
008 260115b |||||||| |||| 00| 0 eng d
040 |c Arcigay Viterbo 
100 |q Veneziani, Antonio 
245 |a Brown sugar 
260 |a Aprilia  |b Edizioni latitudine 42  |c 2025 
700 |q Lucciola, Simone 
942 |2 ddc  |c BK  |n 0 
952 |0 0  |1 0  |2 ddc  |4 0  |6 741_500000000000000_VEN_BRO  |7 0  |9 10105  |a VT  |b VT  |d 2026-01-15  |e Donazione Lorenzo Abbate  |i B590  |l 0  |o 741.5 VEN BRO  |p B590  |r 2026-01-15 15:33:44  |w 2026-01-15  |y BK  |z Donazione Lorenzo Abbate 
999 |c 8421  |d 8421